000 00725nam a22001697a 4500
005 20250205204417.0
008 240827b ||||| |||| 00| 0 eng d
082 _aDPer 155.205 J826 July-September 2019 v. 117 n. 1-3
100 _aAxt, Jordan R.
_eauthor.
_958913
245 _aReducing discrimination :
_ba bias versus noise perspective /
_cJordan R. Axt, and Calvin K. Lai.
260 _aWashington ;
_bAmerican Psychological Association,
_cJuly 2019.
300 _aVolume 117, pages 2-49,
_billustration.
500 _aJournal of Personality and Social Psychology vol. 117, no. 1, pages 26-49, July 2019.
700 _aAxt, Jordan R.
_eauthor.
_958913
700 _aLai, Calvin K.
_eauthor.
_958914
942 _2ddc
_cPER
999 _c20857
_d20857